000 00332pab a2200145 454500
008 180718b2002 xxu||||| |||| 00| 0 eng d
100 _aSiddiqui, Badruzzama
245 _aMaking social banking purposive
260 _c2002
300 _ap.11-13,16.
362 _aJun
650 _aBanks
773 _aKurushetra
909 _a52581
999 _c52581
_d52581